000 00724nam a2200217Ia 4500
005 20241216010928.0
008 190212s9999||||xx |||||||||||||| ||und||
020 _a84-200-1043-X
082 _a664.028
_bP664
100 _aPOKORNY JAN, YANISHLIEVA NEDYALKA, GORDON MICHAEL
245 0 _aANTIOXIDANTES DE LOS ALIMENTOS
_bAPLICACIONES PRACTICAS
250 _a1
260 _aZARAGOZA - ESPAÑA
_bACRIBIA S.A.
_c2001
300 _a364 pag
_c25 cm
341 _h182.7
490 _v0
_a0
505 _aANTIOXIDANTES Y ESTABILIDAD DE LOS ALIMENTOS/ANTIOXIDANTES Y SALUD/ANTIOXIDANTES NATURALES/APLICACIONES PRACTICAS
541 _aC
_bLIB. SAN CRISTOBAL
_d14-Mar-08
_oSoles
650 _aCIENCIAS APLICADAS
942 _cLIBRO
999 _c27911
_d27911